| 000 | 00350nam a2200133Ia 4500 | ||
|---|---|---|---|
| 005 | 20260328101439.0 | ||
| 008 | 260328s9999||||xx |||||||||||||| ||und|| | ||
| 100 | _aArtigas, Rosa | ||
| 245 | 0 |
_aPaulo Mendes Da Rocha : _b Fifty years - projects 1957/2007 / _cRosa Artigas |
|
| 260 | _bRizzoli | ||
| 300 | _a392 p. | ||
| 650 | _aARQUITECTOS | ||
| 942 | _cBK | ||
| 999 |
_c8211 _d8211 |
||